[Event "West Wales Open"]
[Site "Swansea"]
[Date "2018.10.13"]
[Round "2"]
[White "Zeidler, Sven P."]
[Black "Van Kemenade, Rudy"]
[Result "1-0"]
[WhiteElo "2238"]
[BlackElo "2023"]
[Annotator "kemen"]
[PlyCount "57"]
[EventDate "2018.10.12"]
[EventType "swiss"]
[EventRounds "5"]
[EventCountry "WLS"]

1. e4 d6 2. d4 Nf6 3. Nc3 e5 4. Nf3 Nbd7 5. Bc4 Be7 6. O-O h6 7. Qe2 c6 8. a4
Qc7 9. h3 (9. Rd1) (9. a5) 9... Nf8 10. dxe5 (10. Be3 {main}) 10... dxe5 11.
Nh4 (11. Be3) 11... g6 (11... Ne6 12. Nf5 Bf8 13. Qf3 g6 14. Nxh6 Qe7 15. Bxe6
Qxe6 16. Bg5 Nh7 17. Be3 Nf6 18. Bg5 Nh7 19. Be3 Nf6 20. Bg5 {Calcado-Araujo,
Curitiba IRT CXC 2001.1/2-1/2}) 12. f4 exf4 (12... Nh5 $1 13. Bxf7+ (13. fxe5
Bxh4 (13... Bc5+ 14. Rf2 Be6 $15 {Komodo12}) 14. Bxf7+ Kd8 15. Be3 Qxe5 16.
Rad1+ {Forchheim 2003,1-0}) 13... Kxf7 14. fxe5+ (14. Nxg6 $1 {Fritz15 &
Komodo12} Ng3 15. Nxh8+ Kg8 16. Qf3 Nxf1 17. f5 (17. Kxf1 Kxh8 18. Qh5 exf4 19.
Qxh6+ Kg8 20. Bxf4 Qa5 21. Rd1 Be6 $11 {Komodo12}) 17... Qd6 18. Ng6 Nxg6 19.
Bxh6 Nh8 20. Qg4+ Qg6 21. Qxg6+ Nxg6 22. Rxf1 Nh8 $11) 14... Kg7 (14... Kg8)
15. Qf2 Be6 16. g4 Qxe5 17. gxh5 Qxh5 18. Ng2 Qxh3 $15 {Gibson-Van Kemenade,
4NCL 2016,0-1}) (12... Be6 13. fxe5 Qxe5 (13... N6d7 14. Bxe6 Nxe6 15. Nf3 Nxe5
$11 {Komodo12}) 14. Bxe6 Nxe6 15. Nf3 Qc7 16. e5 Nh5 17. Ne4 Kf8 18. Be3 Kg7
19. Qc4 Rhd8 20. Rad1 Rd7 21. Nd4 Rd5 22. Nf6 (22. Nxe6+ fxe6 23. g4 $18) 22...
Nxf6 23. exf6+ Bxf6 24. Nxe6+ fxe6 $11 {Ellison-Farrand, Wld Ch Seniors tm,
Port Erin 2004,0-1}) 13. Bxf4 Qa5 14. Bd2 Be6 (14... Qc7 {looks more prudent}
15. e5 {pm analysis} (15. Bf4 Qa5 {repeats}) (15. Bxf7+ $1 {Komodo12} Kxf7 16.
e5 Be6 17. exf6 Bc5+ (17... Bxf6 18. Ne4 $18) 18. Kh1 Re8 19. Rae1 $18) 15...
Nd5 16. Bxd5 $1 {Komodo12} (16. Nxd5 cxd5 17. Bb5+ Bd7 18. Nf3 a6 {pm analysis
& Bl was still in the game} (18... Ne6) 19. Bxd7+ Qxd7 (19... Nxd7) 20. e6 $1 {
Komodo12} Qxe6 21. Qf2 Qd6 22. Rae1 Ne6 23. Ne5 O-O 24. Bxh6 Ng7 25. Nxf7 $18 {
Komodo12}) 16... cxd5 17. Nb5 Qc6 18. Qf2 Be6 19. Nf3 a6 20. Nfd4 Qd7 21. Nxe6
(21. Nd6+ Bxd6 22. exd6 O-O-O 23. Bf4 $18) 21... Nxe6 22. Qxf7+ Kd8 23. Nd6 $18
{Komodo12}) 15. Nd5 Qd8 16. Nxe7 Qxe7 (16... Qd4+ {Sven, & Komodo12; Bl's last
chance} 17. Qf2 (17. Qe3 {pm analysis considered best, but Komodo12 prefers
the first idea} Qxe3+ 18. Bxe3 Bxc4 19. Rxf6 Kxe7 20. Rf2 Nd7 21. Bd4 $16 {but
with no material down Bl has good survival chances}) 17... Qxf2+ 18. Rxf2 Nxe4
19. Bxe6 Nxe6 {pm analysis} 20. Nexg6 {Komodo12} fxg6 21. Re2 Nxd2 22. Nxg6
Nf3+ 23. gxf3 Rg8 24. Rxe6+ Kf7 25. Re7+ Kxg6 26. Rxb7 Rab8 27. Rc7 Rxb2 28.
Rxc6+ Kh5+ 29. Kf2 Rg6 30. Rc4 Rd6 31. Re1 $18 {and Bl stays 2 pawns down}) 17.
Bxe6 Nxe6 (17... fxe6 18. Be3 $1 $18 {Komodo12} (18. Bc3 e5 19. Rad1 Rd8 20.
Rxd8+ Kxd8 21. Qf2 Nxe4 22. Qxa7 Qc5+ 23. Qxc5 Nxc5 24. Bxe5 Rg8 25. b3 $14)
18... N6d7 (18... Nxe4 19. Rxf8+ Qxf8 20. Nxg6 Qg7 21. Nxh8 O-O-O (21... Qxh8
22. Qh5+ Ke7 23. Qh4+ Ng5 24. Qb4+ $18) 22. Qc4 Ng5 23. Bxg5 hxg5 24. Qxe6+ $18
) 19. Nf3 e5 20. Rad1 O-O-O 21. Bxa7 $18 {Komodo12}) 18. Bc3 $18 Nh5 (18... Nd7
{Komodo12}) 19. Bxh8 Qxh4 (19... O-O-O 20. Nf5 Qc5+ 21. Qf2 Qxf2+ 22. Rxf2 gxf5
23. exf5 Ng5 24. Be5 $18) 20. Qf2 Qxf2+ 21. Rxf2 O-O-O (21... Rd8 22. Be5 $18)
22. Be5 Ng5 23. h4 Nxe4 24. Rxf7 Rd5 25. Bh2 Rd7 26. Raf1 Nhg3 27. Bxg3 (27.
Rf8+ Kc7 28. Re1 Kb6 29. Rf3 {Komodo12}) 27... Nxg3 28. Rxd7 Kxd7 29. Rf7+ 1-0

[Event "West Wales Open"]
[Site "Swansea"]
[Date "2018.10.13"]
[Round "2"]
[White "Jukes, Sam"]
[Black "Heap, Gerry"]
[Result "0-1"]
[WhiteElo "1998"]
[BlackElo "2163"]
[Annotator "kemen"]
[PlyCount "84"]
[EventDate "2018.10.12"]
[EventType "swiss"]
[EventRounds "5"]
[EventCountry "WLS"]

1. e4 c5 2. Nf3 d6 3. d4 cxd4 4. Qxd4 a6 (4... Nc6) 5. c4 Nc6 6. Qd1 (6. Qd2) (
6. Qe3) 6... Nf6 7. Nc3 g6 8. Bd3 {obstructs the d file} (8. Be2) (8. h3 {main
lines}) 8... Bg7 9. O-O (9. h3) 9... Bg4 (9... O-O {main}) 10. h3 (10. Be2 Qb6
11. Nd5 Nxd5 12. cxd5 Ne5 13. Nxe5 Bxe2 14. Qxe2 Bxe5 15. Bh6 Rb8 (15... Qxb2
16. Qxb2 Bxb2 17. Rab1 Bd4 18. Rxb7 f6 $11) 16. Kh1 Qxb2 {Shimwa-Girmay,
Africa zt women, Dar Es Salaam 2016,1/2-1/2}) (10. Be3 O-O 11. h3 Bxf3 12. Qxf3
Re8 13. Rac1 Nd7 14. Qe2 e6 15. Rfd1 Qe7 16. Qd2 Nce5 17. b3 f5 18. Be2 $16 {
Valenti-Sulava, Lido Estensi op 2003,1-0}) 10... Bxf3 11. Qxf3 Ne5 (11... Nd7
$11 {Cloud Engines}) 12. Qe2 Nxd3 13. Qxd3 O-O 14. Be3 (14. Bd2 Nd7 15. b3 Nc5
16. Qe2 b5 17. cxb5 axb5 18. Qxb5 Bxc3 19. Bxc3 Nxe4 20. Bb2 e5 21. Rfd1 Qf6
22. Qe2 Nc5 $11 {Lobron-Volokitin, ACP blitz playchess.com 2004,1-0}) 14... Rc8
15. Rfd1 (15. Rac1 $11) (15. b3 $11 {both anticipate the threat on the c file})
15... Qc7 16. Rac1 (16. b3 b5 17. Rac1 bxc4 18. Qxc4 Qxc4 19. bxc4 Rxc4 20. e5
dxe5 21. Nd5 Rxc1 22. Nxe7+ Kh8 23. Rxc1 Re8 24. Rc7 Bf8 25. Nc6 Kg7 $15 {
Komodo12}) 16... Qxc4 $15 17. Nd5 (17. Qxc4 Rxc4 18. e5 dxe5 19. Nd5 Rxc1 20.
Nxe7+ Kh8 21. Rxc1 Re8 22. Nc8 (22. Rc7 Bf8 23. Bc5 Bxe7 24. Rxe7 Rxe7 25. Bxe7
Nd5 $17) 22... Rd8 23. Nb6 Ne8 $15 {Komodo122}) 17... Qxd3 18. Nxe7+ Kh8 19.
Rxd3 Rxc1+ 20. Bxc1 Nxe4 $15 (20... Re8 21. Nd5 Nxd5 22. Rxd5 Rxe4 23. Be3 Be5
$15 {also, Komodo12}) 21. f3 Re8 22. fxe4 Rxe7 23. Rxd6 h6 (23... Be5 24. Rd5
Kg7 25. Kf2 Rc7 26. Bg5 f6 27. b3 Kf7 $15 {Komodo12}) 24. Kf2 $11 Rxe4 25. Rd7
(25. Rd8+ Kh7 26. Rd7 $11 {Komodo12}) 25... Rc4 26. Bd2 (26. Be3 b5 27. Rxf7
Bxb2 28. Bxh6 Ra4 $15 {Komodo12}) 26... Rd4 (26... Rc2 27. Ke3 h5 (27... Rxb2
28. Rxf7 Rxa2 29. Rxb7 g5 30. Ra7 $11) 28. Kd3 Rxb2 29. Rxf7 b5 30. Rxg7 Rxd2+
31. Kxd2 Kxg7 32. Kc3 $11 {Komodo12}) 27. Rxd4 Bxd4+ 28. Ke2 Bxb2 29. Bxh6 Kh7
$17 30. Be3 b5 31. Kd3 f5 32. g4 Be5 (32... Kg7) 33. gxf5 gxf5 34. Kc2 Kg6 35.
Kb3 Bd6 36. a4 {maybe best left on a2 so that Bl has further to come on the Q
side} b4 $19 37. a5 {best left on a wh square, as it becomes vulnerable to the
B; if Bl pushes a5 then the Wh B has a target} f4 38. Bf2 (38. Bxf4 Bxf4 39.
Kxb4 Bc7 {and Wh is unable to get to the a pawn in time, while the B is the
right colour to control a1}) (38. Bd2 Kh5 39. Be1 f3 40. Kc4 Bc5 $19) 38... Kf5
39. Kc4 Ke4 40. h4 Kf3 41. Kd5 (41. Bd4 Kg4 42. Bf2 f3 43. Kb3 Bg3 $19 {
Komodo12}) 41... b3 (41... Kxf2 42. h5 b3 43. h6 Bf8 44. h7 Bg7 {also}) 42. Bd4
Ba3 $19 0-1

[Event "West Wales Open"]
[Site "Swansea"]
[Date "2018.10.13"]
[Round "2"]
[White "Underwood, Jon"]
[Black "Jones, Ian Robert"]
[Result "1/2-1/2"]
[WhiteElo "2114"]
[BlackElo "2006"]
[Annotator "kemen"]
[PlyCount "57"]
[EventDate "2018.10.12"]
[EventType "swiss"]
[EventRounds "5"]
[EventCountry "WLS"]

1. c4 d6 2. Nc3 e5 3. g3 g6 4. Bg2 Bg7 5. e4 Nc6 6. Nge2 f5 (6... Nge7) 7. d3
Nf6 8. O-O O-O 9. f3 {not the most frequent- a speciality of Normands Miezis} (
9. Nd5) (9. h3) (9. Rb1) (9. exf5) (9. f4) 9... fxe4 (9... Be6 {main}) 10. dxe4
Be6 (10... Nd7 {2-0}) 11. Nd5 Ne7 (11... Nd4 12. Nxd4 (12. Bg5 c6 13. Nxd4 exd4
14. Nxf6+ Bxf6 15. Bxf6 Qxf6 16. Qd3 c5 17. f4 Qf7 18. b3 Qd7 $11 {Heap-L
Roberts, Dyfed Open 2014,1-0}) 12... exd4 13. b3 c5 {Miezis-Gullaksen,
Fagernes Norsk op 2013,1/2-1/2}) 12. Be3 $146 (12. Qd3 Nexd5 13. cxd5 Bf7 14.
Rd1 $14 {Barbier-Huesmann, BEL ch open, Eupen 2003, 1/2-1/2}) (12. Bg5 c6 13.
Nxe7+ Qxe7 14. Rc1 Rad8 15. Qa4 a6 16. Nc3 Qd7 $15 {Ralphs-Hollan, S Wales
Open, Penarth 2011,1/2-1/2}) 12... c6 13. Nxf6+ Bxf6 14. Rc1 d5 (14... c5 15.
Qd3 Nc6 16. Nc3 Bg7 17. Nd5 Nd4 $11 {Komodo12}) 15. cxd5 cxd5 16. exd5 Nxd5 17.
Bc5 Rf7 18. Qa4 Rc8 (18... Qd7) 19. Bf2 b6 20. Rxc8 Qxc8 21. Rc1 Qd7 22. Qxd7
Rxd7 $15 {New Engine & Komodo12} 23. a3 Bg5 24. Rd1 (24. Rc6) 24... Ne3 (24...
Nf4 {both Engines} 25. Rxd7 Nxe2+ 26. Kf1 Bxd7 27. Kxe2 Bc1 28. f4 Bxb2 29.
fxe5 Bxe5 $17 (29... Bxa3 30. Bd5+ Kf8 $17)) 25. Rxd7 Bxd7 26. f4 exf4 27. gxf4
Nxg2 28. fxg5 Bg4 29. Nd4 $11 1/2-1/2

[Event "West Wales Open"]
[Site "Swansea"]
[Date "2018.10.13"]
[Round "2"]
[White "Harris, Calum"]
[Black "Fathallah, Joe"]
[Result "1/2-1/2"]
[WhiteElo "1889"]
[BlackElo "2067"]
[Annotator "kemen"]
[PlyCount "106"]
[EventDate "2018.10.12"]
[EventType "swiss"]
[EventRounds "5"]
[EventCountry "WLS"]

1. e4 e6 2. d4 d5 3. Nd2 Nc6 4. c3 (4. Ngf3 Nf6 5. e5 Nd7 6. c3) 4... e5 5.
exd5 Qxd5 6. Qb3 {only 2 examples} (6. Ngf3) (6. dxe5 {main lines}) (6. Qf3 {
next, way behind}) 6... Nf6 (6... Qxb3 7. Nxb3 exd4 8. Nf3 (8. cxd4 Nb4 9. Kd1
Bf5 10. Bd2 Bc2+ 11. Kc1 Bxb3 12. axb3 Nf6 13. Nf3 a6 14. Bc4 O-O-O 15. Be3 (
15. Ne5 $16) 15... Ne4 16. Ne5 Nd6 17. Nxf7 Nxf7 18. Bxf7 Be7 $11 {Suarez Paz-
Lucia Carpintero, Collado Villalba 2018,1-0}) 8... dxc3 9. Bb5 Bb4 10. O-O Nge7
11. a3 Bd6 12. bxc3 O-O {Law-Esplugas Esteve, Martorell op 2017,0-1}) 7. Ngf3
Qxb3 8. Nxb3 Bd6 $11 9. Bb5 exd4 10. Nbxd4 Bd7 11. Nxc6 bxc6 12. Ba4 (12. Bc4)
12... c5 13. Bxd7+ $11 {(draw?)} Kxd7 14. O-O $2 Rhe8 15. Bd2 (15. Rd1 Re2 16.
Kf1 Rae8 17. h3 $11 {Komodo12}) 15... Rab8 $15 16. Rab1 Ne4 (16... Re2 17. Rfe1
Rxe1+ 18. Bxe1 h6 $15 {Komodo12}) 17. Be3 f5 18. Rfd1 Kc6 19. g3 $11 a5 20. Nd2
Nxd2 21. Rxd2 h6 22. c4 g5 23. Rc2 (23. Rd5 $11) 23... f4 $15 24. Bd2 Re2 25.
Rbc1 (25. Re1) 25... a4 (25... Be5 26. Bxa5 Rxb2 27. Rxe2 Rxe2 28. Re1 Rxe1+
29. Bxe1 f3 30. h3 Kb6 31. g4 $11 {Komodo12}) 26. Bc3 Rxc2 27. Rxc2 Re8 28. Kg2
(28. Kf1) 28... g4 29. gxf4 Bxf4 30. f3 (30. h3) 30... h5 31. fxg4 (31. h3 $11)
31... hxg4 32. Rf2 (32. h3 {simplifies}) 32... Bd6 $15 33. Rd2 Re4 $17 34. b3
axb3 35. axb3 Re3 36. Rc2 Kd7 (36... Rh3 37. Kg1 Kd7 $17) 37. Kg1 Ke6 38. Kf2
Rh3 39. Re2+ (39. Kg1 Kf5 40. Be1 Rxb3 41. Re2 Rb1 42. Kg2 Rc1 43. h3 gxh3+ 44.
Kxh3 Rxc4 $17 {Komodo12}) 39... Kd7 (39... Kf5 $19 40. Bg7 Rxh2+ 41. Kf1 Rxe2 (
41... Rh3 $19) 42. Kxe2 Ke4 $19 {Komodo12}) 40. Be5 Rxb3 41. Bxd6 (41. Re4 Bxe5
42. Rxe5 Kd6 43. Re4 Rh3 44. Kg2 Rh4 45. Kg3 Rh3+ 46. Kg2 $11 {repetition})
41... cxd6 42. Re4 d5 43. Rxg4 (43. cxd5 Rb4 44. Re6 Rd4 45. Rg6 $11 {Komodo12}
) 43... dxc4 44. Rxc4 Kd6 45. Rh4 (45. h4) 45... Kd5 46. Ke2 {(draw?) =
Nalimov tablebases} c4 47. Kd2 Kc5 48. Kc2 Kb4 49. Rh8 Rc3+ 50. Kb2 Rf3 51.
Rb8+ Kc5 52. Rh8 Kd4 53. Rd8+ Kc5 1/2-1/2

[Event "West Wales Open"]
[Site "Swansea"]
[Date "2018.10.13"]
[Round "2"]
[White "Jones, Iolo C"]
[Black "Waterfield, John W"]
[Result "1-0"]
[WhiteElo "2225"]
[BlackElo "2026"]
[Annotator "kemen"]
[PlyCount "89"]
[EventDate "2018.10.12"]
[EventType "swiss"]
[EventRounds "5"]
[EventCountry "WLS"]

1. d4 g6 2. e4 Bg7 3. Be2 {uncommon} c5 4. d5 (4. dxc5 {more frequent}) 4... d6
5. Nc3 Nf6 6. Nf3 O-O 7. O-O e6 (7... Na6) 8. Bg5 (8. Nd2) (8. dxe6 {main lines
}) 8... h6 9. Bf4 {Komodo12- has only however appeared in internet games,
except for the players previous encounter} (9. Bh4 {main}) 9... exd5 (9... Nh5
10. Be3 e5 11. Qd2 Nf4 12. Bxf4 exf4 13. Qxf4 a6 14. a4 f5 15. exf5 Bxf5 16.
Qd2 {Jones-Waterfield, WCPL 2018,1-0}) (9... e5 10. Be3 Ng4 11. Bc1 {2-0} (11.
Bd2 {1-0})) 10. exd5 a6 (10... g5 {Cloud Engines} 11. Be3 Re8 (11... Na6 12.
Re1 Re8 13. Bxa6 bxa6 14. Qd3 Rb8 15. Rab1 Bd7 (15... Ng4) 16. b3 Qc8 17. Bd2
Rxe1+ 18. Rxe1 Bf5 19. Qe2 Qb7 $15 {Teske-Koestner,Remote email 2012,0-1}) 12.
Re1 Nbd7 13. a4 b6 14. Nd2 Ne5 $11 {Laurenc-Piersig,Wld ch ICCF 2003,0-1}) 11.
a4 (11. Nd2 b5 12. a4 b4 13. Nce4 Nbd7 14. c3 Nxe4 15. Nxe4 bxc3 16. bxc3 Ne5
17. Qd2 f5 18. Ng3 Nf7 $11 {Komodo12}) 11... Qc7 (11... Re8 12. Nd2 Nbd7 13.
Re1 (13. Bxd6 Nb6 14. Bxc5 Nfxd5 15. Nxd5 Nxd5 16. Nc4 Bxb2 17. Nxb2 Nc3 18.
Qxd8 Nxe2+ 19. Kh1 Rxd8 20. Rfe1 Nf4 $11 {Komodo12}) 13... Nb6 14. Bf3 Rxe1+
15. Qxe1 g5 16. Bg3 Bf5 $11 {Komodo12}) 12. Nd2 $16 Nbd7 13. Nc4 Ne8 (13... Ne5
14. Nxe5 dxe5 15. d6 Qb6 16. Bxe5 $16 Qxb2 $2 17. Rb1 Qa3 18. Rb3 $18) 14. Ne4
Ne5 15. Bxe5 Bxe5 16. Nxe5 dxe5 17. d6 Qd7 (17... Qd8 $16) (17... Qc6 18. Bf3
$16) 18. Qd2 $18 (18. Qd5 $18 {Komodo12}) 18... Kg7 19. Qc3 Qf5 20. Bd3 (20.
Bf3) 20... c4 21. Qxc4 Be6 22. Qb4 (22. Qc3 {Komodo12} Rc8 23. Nc5) 22... Bd5
23. Nc5 Qg5 24. Be4 a5 25. Qc3 (25. f4 {Komodo12}) 25... Bxe4 26. Nxe4 Qf5 27.
Rfe1 Rc8 28. Qd3 $18 (28. Qxa5 Rxc2 29. f3 Nf6 30. Nxf6 Qxf6 31. Rad1 $18 {
Komodo12}) 28... Qd7 29. Rad1 (29. Qd5) 29... f5 30. Nc3 Rc6 31. Qb5 (31. Rxe5)
(31. Nb5) 31... e4 32. Qe5+ Kh7 (32... Nf6 33. Rd2 Re8 34. Qd4 Rec8 $16 {
Komodo12}) 33. Nb5 $18 (33. Qe7+ Qxe7 34. dxe7 Rf7 35. Rd7 Re6 36. Nd5 $18 {
Komodo12} Kg7 (36... b6 37. Rd8 $18) 37. Rxb7 $18) 33... Rf6 (33... Ng7) (33...
Rxc2 34. Nd4 Rc8 35. Ne6 Rf7 36. Nc5 $18) 34. Rd2 Re6 35. Qf4 Rc5 36. Red1 g5
37. Qe3 Rce5 38. Qc3 (38. Nc7 Rxd6 39. Rxd6 Nxd6 40. Qb6 Qc6 41. Qxc6 bxc6 42.
Rxd6 $18 {Komodo12}) 38... e3 39. fxe3 Rxe3 40. Rd3 f4 41. Qxa5 b6 42. Qc3 (42.
Qxb6) 42... Nf6 43. Rxe3 fxe3 44. Re1 Nd5 45. Qd3+ 1-0

[Event "West Wales Open"]
[Site "Swansea"]
[Date "2018.10.13"]
[Round "2"]
[White "Homer, Stephen J"]
[Black "Turner, Joseph David"]
[Result "1-0"]
[WhiteElo "2114"]
[BlackElo "1988"]
[Annotator "kemen"]
[PlyCount "59"]
[EventDate "2018.10.12"]
[EventType "swiss"]
[EventRounds "5"]
[EventCountry "WLS"]

1. e4 e5 2. Nf3 Nc6 3. Bc4 Bc5 4. d3 d6 5. c3 Qf6 (5... Nf6 {main}) 6. O-O (6.
Be3 {main}) 6... h6 7. Be3 g5 $146 (7... Bb6) (7... Nge7) 8. d4 $16 Bb6 9. dxe5
(9. Bb5 $16) (9. Na3 $16 {also}) 9... dxe5 10. Bxb6 axb6 11. Ne1 (11. Na3 Bd7
$11) 11... Nce7 (11... Nge7 $11) 12. Na3 c6 13. Bb3 Bd7 (13... Be6) 14. Nc4 Nc8
(14... Ng6 $5 {Komodo12}) 15. Nd3 $18 Be6 16. Ncxe5 Nd6 17. f4 (17. Nxc6 bxc6
18. e5 $18) 17... O-O-O 18. Qe2 Rh7 19. Qe3 Kc7 20. f5 (20. c4) 20... Bc8 21.
Ng4 (21. Nc4) 21... Qe7 22. Rae1 Re8 23. Qg3 Kd8 24. Rd1 (24. f6 Qf8 25. Nge5
Be6 26. Qe3 Nc8 27. Bxe6 Rxe6 28. Nc4 Kc7 29. e5 $18 {Komodo12}) 24... Qc7 (
24... Kc7) 25. Nde5 Ke7 26. Bxf7 $18 (26. f6+ Kf8 27. Ng6+ fxg6 28. f7 $18 {
Komodo12}) (26. Ng6+ fxg6 27. f6+ $18) 26... Rd8 27. Bxg8 (27. f6+) 27... Rxg8
28. Ng6+ Rxg6 29. fxg6 {mating} Rg7 30. Qe5+ 1-0

[Event "West Wales Open"]
[Site "Swansea"]
[Date "2018.10.13"]
[Round "2"]
[White "Musson, Adam J"]
[Black "Lewis, David"]
[Result "1-0"]
[WhiteElo "2090"]
[BlackElo "1622"]
[Annotator "kemen"]
[PlyCount "60"]
[EventDate "2018.10.12"]
[EventType "swiss"]
[EventRounds "5"]
[EventCountry "WLS"]

1. Nf3 c5 2. e4 d6 3. d4 cxd4 4. Nxd4 Nf6 5. Nc3 a6 6. h3 e6 7. g4 b5 (7... d5
{main}) 8. a3 (8. Bg2) (8. g5 {both more frequent}) 8... Bb7 9. Bg2 Be7 10. Be3
(10. O-O) 10... Qc7 11. Qd2 (11. O-O) (11. Qe2) 11... O-O (11... Nfd7 12. O-O (
12. O-O-O Ne5 13. Bf1 Nbd7 14. Be2 Nb6 15. f4 Nec4 {Maynes-Robinson, St Albans
2016,0-1}) 12... Nb6 13. b3 N8d7 14. f4 Rc8 15. Nce2 {Uran Bermudez-Riiser,
Gibraltar Challengers 2012,1-0}) 12. g5 Nfd7 13. f4 (13. h4 {alternative, cf
Jones-Morgans rd1 , 1-0 for a related setup}) 13... Nc6 (13... Nb6) 14. Nde2
Rac8 15. h4 Rfd8 16. h5 (16. g6 hxg6 17. h5 gxh5 18. Rxh5 Nf6 $17 {as in the
above game , is not quite right, since the Wh pieces are not co-ordinated
enough to swing forces to the K side}) 16... Nf8 17. Ng3 (17. h6 $16 {Komodo12}
) 17... Na5 $15 18. Bf1 (18. O-O-O $5 {Komodo12}) 18... Nc4 (18... d5 $17 {
Komodo12- a centre break is usually best against a flank attack, & here the Wh
K is still in the centre}) 19. Bxc4 Qxc4 $11 20. Qe2 d5 $15 (20... f5 $15) 21.
exd5 exd5 (21... Bxd5 $5 $15) 22. Nf5 Re8 $17 23. Qxc4 Rxc4 24. O-O {the K
needs to get away} (24. O-O-O d4 25. Bxd4 Bxh1 26. Rxh1 Ne6 $17) 24... Bxg5 $6
{but this is based on a miscalculation} (24... Ne6 {Komodo12-Bl needs to
attack in the centre, using all his pieces} 25. Rad1 d4 26. Nxd4 Bxa3 (26...
Bc5 27. Nf5 Bxe3+ 28. Nxe3 Rxf4 29. Rxf4 Nxf4 30. Nf5 Bf3 (30... Nh3+ 31. Kh2
Nxg5 32. Nd6 $18 {because of the backrank}) 31. Rd6 Nh3+ 32. Kf1 Nxg5 33. Rxa6
h6 34. Nd4 Bxh5 35. Ncxb5 $11 {both sides have running pawns- which may suit
the higher rated player. However , there might be mating net problems facing
the Wh K}) 27. Nxe6 Bxb2 28. Nc5 Rxc3 29. Nxb7 Rcxe3 30. Nd6 Rb8 $17 {Wh's K
side is weak because of the advanced pawns}) 25. fxg5 Rg4+ 26. Kh2 $16 d4 27.
Bxd4 Rg2+ (27... Ne6 28. Be3 Nxg5 29. Bxg5 Rxg5 30. Ng3 $16 {Komodo12}) 28. Kh3
Rxg5 29. Kh4 (29. Nxg7) 29... Rg2 (29... f6) 30. Rg1 Rh2+ {(time?)} 1-0

[Event "West Wales Open"]
[Site "Swansea"]
[Date "2018.10.13"]
[Round "2"]
[White "Paul, Nathanael"]
[Black "Denham, Colin"]
[Result "1-0"]
[WhiteElo "2090"]
[BlackElo "1617"]
[Annotator "kemen"]
[PlyCount "71"]
[EventDate "2018.10.12"]
[EventType "swiss"]
[EventRounds "5"]
[EventCountry "WLS"]

1. e4 e6 2. d4 d5 3. Nc3 Bb4 4. exd5 Bxc3+ {this can wait until Wh spends a
tempo with a3} 5. bxc3 exd5 6. Bd3 Be6 (6... Nf6) 7. Rb1 b6 8. Qf3 (8. Qh5 Nc6
9. Bg5 Qd6 10. Ne2 Nf6 11. Qh4 O-O-O 12. Bxf6 gxf6 13. Qxf6 Rhg8 14. g3 h5 15.
Nf4 Rde8 16. Kd2 {Doluhanova-Kozina, Voronezh op 2015,1-0}) (8. Nf3 h6 9. Ne5
Nf6 10. O-O O-O {Jarmuzek-Szymenderski, Poznan op 2011,1/2-1/2}) 8... Nd7 (8...
c6 9. Ne2 Nf6 10. Ba3 Nbd7 11. O-O c5 12. dxc5 Nxc5 13. Bb5+ Bd7 14. Qe3+ Qe7
15. Bxc5 bxc5 16. Bxd7+ Nxd7 17. Qxe7+ Kxe7 18. Nf4 $11 {Spal-Fedorova, Decin
op 1997,0-1}) (8... Nf6 9. Ba3 Nbd7 10. Qe3 c5 $11) 9. Ne2 (9. Qg3 Ngf6 10.
Qxg7 Rg8 11. Qh6 Rxg2 12. Bg5 Qe7 13. Kf1 Rxg5 14. Qxg5 O-O-O $14 {Komodo12})
9... Ngf6 10. Bg5 (10. Nf4 $16) 10... h6 11. Bh4 c5 $11 (11... O-O $11) 12. O-O
c4 13. Bf5 Bxf5 14. Qxf5 O-O 15. f3 (15. Nf4 g5 16. Bxg5 hxg5 17. Qxg5+ Kh8 18.
Rfe1 Rg8 19. Qh6+ Nh7 20. Nxd5 Ndf6 $11 {Komodo12}) 15... Qe7 (15... Qc7) 16.
Rbe1 Qa3 $15 17. Bxf6 Nxf6 18. h4 Rfe8 $17 19. g4 Re7 (19... Re6 20. g5 g6 21.
Qf4 Nh5 $19 {Komodo11}) 20. g5 hxg5 21. hxg5 Nh7 (21... Rae8 22. gxf6 (22. Rf2
Nh5 23. g6 fxg6 24. Qxd5+ Kh7 25. Qxc4 Qd6 $15) 22... Rxe2 23. Qg4 Qf8 $17 {
Komodo12}) 22. Kf2 $14 Qd6 (22... Rae8 23. Rh1 g6 24. Qh3 f5 25. Qh6 $18) (
22... g6 23. Qh3 Nxg5 24. Qh6 f6 25. Qxg6+ Rg7 26. Qf5 $16) 23. Rh1 Qg6 24.
Qxg6 fxg6 25. Reg1 (25. Nf4 Rxe1 26. Rxe1 Nxg5 27. Nxd5 $16 {Komodo12- the
passed protected d pawn is worth more than Bl's doubled g pawns}) 25... Rf8 $11
26. Rg4 Rf5 27. f4 Re4 28. Kf3 Rf8 29. Ng3 Rfxf4+ $2 {a miscalculation} (29...
Re7 30. Rh2 Rfe8 $11) 30. Rxf4 Nxg5+ 31. Kg4 $18 {the square vacated by the R}
(31. Kg2 Rxf4 $19) 31... Re3 32. Kxg5 (32. Nf1 Re2 33. Kxg5) 32... Rxg3+ 33.
Rg4 Rxc3 34. Re1 Rxc2 35. Kxg6 Rf2 36. Re8+ 1-0